000 00458nam a22001577a 4500
999 _c4479
_d4479
003 OSt
005 20181206160019.0
008 181206b ||||| |||| 00| 0 eng d
040 _bDLC
_cDLC
082 _a228
_bB415R
100 _aBeeson, Ulrich Rische;
245 _aThe Revelation/
_bA Guide Book to the Revelation for Students of the Bible/
260 _aLittle Rock, Arkansas;
_bthe Manney Company;
_cc1956-1964
300 _a195p.;
_c20cm
942 _2ddc
_cBK